000
00390nam a2200145Ia 4500
008
230718s9999 xx 000 0 und d
041
_a
Eng.
082
_a
297.122
_b
پرو-ق
100
_a
پروفیسر اقبال ڈاکٹر محمد ظفر
245
0
_a
قرآن حکیم اند سائنس
260
_a
Pakistan
_b
Palgrove inac
_c
2010
300
_a
246
650
_a
Law
999
_c
29710
_d
29710